Arrendamientos protegidos (Record no. 125563)

MARC details
000 -LEADER
campo de control de longitud fija 00672nam a2200169 i 4500
001 - NÚMERO DE CONTROL
campo de control 125563
003 - IDENTIFICADOR DE NÚMERO DE CONTROL
campo de control ES-MaACL
005 - FECHA Y HORA DE LA ÚLTIMA TRANSACCIÓN
campo de control 20230906192644.0
007 - CAMPO FIJO DE DESCRIPCIÓN FÍSICA--INFORMACIÓN GENERAL
campo de control de longitud fija t|
008 - DATOS DE LONGITUD FIJA--INFORMACIÓN GENERAL
campo de control de longitud fija 070619s1954 sp ||||1| spa d
100 1# - ENTRADA PRINCIPAL--NOMBRE DE PERSONA
Nombre de persona Santos Pastor, Angel.
9 (RLIN) 103521
245 10 - MENCIÓN DEL TÍTULO
Título Arrendamientos protegidos
Resto del título : acceso a la propiedad, facultades del arrendador, ley de 15 julio 1954 :textos y comentarios : Apéndice a la obra " Propietarios-colonos-inquilinos", Tomo I: Arrendamientos rústicos /
Mención de responsabilidad, etc. Angel Santos Pastor.
260 ## - PUBLICACIÓN, DISTRIBUCIÓN, ETC.
Lugar de publicación, distribución, etc. Valladolid :
Nombre del editor, distribuidor, etc. Sever-Cuesta,
Fecha de publicación, distribución, etc. 1954.
300 ## - DESCRIPCIÓN FÍSICA
Extensión 61 p. ;
Dimensiones 24 cm.
650 ## - PUNTO DE ACCESO ADICIONAL DE MATERIA--TÉRMINO DE MATERIA
Término de materia o nombre geográfico como elemento de entrada Arrendamiento rústico-
Subdivisión geográfica España.
9 (RLIN) 168997
852 ## - LOCALIZACIÓN
Ubicación ES-MaACL
Número de control de estantería E-4010
Holdings
Estatus retirado Estado de pérdida Estado de daño No para préstamo Biblioteca de origen Biblioteca actual Ubicación en estantería Fecha de adquisición Fuente de adquisición Total de préstamos Signatura topográfica completa Código de barras Visto por última vez Precio de reemplazo Tipo de ítem Koha
        Biblioteca del Ateneo de Madrid Biblioteca del Ateneo de Madrid Depósito 2 17/01/2008     E-4010 1130802 23/02/2023 23/02/2023 Libro impreso